Chinese century : the rising chinese economy and its impact on the global economy, the balance of power and your job (Record no. 177525)
[ view plain ]
| 000 -LEADER | |
|---|---|
| fixed length control field | 00537nam a2200157Ia 4500 |
| 008 - FIXED-LENGTH DATA ELEMENTS--GENERAL INFORMATION | |
| fixed length control field | 231217s9999 xx 000 0 und d |
| 020 ## - INTERNATIONAL STANDARD BOOK NUMBER | |
| International Standard Book Number | 81-297-0806-X |
| 041 ## - LANGUAGE CODE | |
| Language code of text/sound track or separate title | English |
| 082 ## - DEWEY DECIMAL CLASSIFICATION NUMBER | |
| Classification number | 659 SHE;1 R |
| 100 ## - MAIN ENTRY--PERSONAL NAME | |
| Personal name | Shenkar, Oded |
| 245 #0 - TITLE STATEMENT | |
| Title | Chinese century : the rising chinese economy and its impact on the global economy, the balance of power and your job |
| 260 ## - PUBLICATION, DISTRIBUTION, ETC. | |
| Date of publication, distribution, etc. | 2005 |
| Name of publisher, distributor, etc. | Pearson |
| Place of publication, distribution, etc. | New Delhi |
| 300 ## - PHYSICAL DESCRIPTION | |
| Extent | xiv+191 |
| 650 ## - SUBJECT ADDED ENTRY--TOPICAL TERM | |
| Topical term or geographic name entry element | Chinese,century,:,rising,chinese,economy,its,impact,global,economy,,balance,job |
| 942 ## - ADDED ENTRY ELEMENTS (KOHA) | |
| Koha item type | Books |
| Date last seen | Total checkouts | Full call number | Accession number | Cost, total (INR) price | Price effective from | Category | Lost status | Damaged status | Department | Withdrawn status | Home library | Current library | Shelving location | Entry date | Vendor | Cost, normal purchase price | Grants | Billnumber | Billdate | Currency symbol | Conversion rate | Discount | Old discount |
|---|---|---|---|---|---|---|---|---|---|---|---|---|---|---|---|---|---|---|---|---|---|---|---|
| 26/01/2024 | 659 SHE;1 R | 41523 | 399.20 | 26/01/2024 | Books | Central Library | Central Library | Central Library | Central Library | 15/05/2006 | Allied publ. | 499.00 | MBA | 697 | 11/01/2006 | RS | 1 | 99.8 | 20 | ||||
| 26/01/2024 | 659 SHE;2 R1 | 41562 | 399.20 | 26/01/2024 | Books | Central Library | Central Library | Central Library | Central Library | 23/05/2006 | Allied publ. | 499.00 | MBA | 968 | 16/01/2006 | RS | 1 | 99.8 | 20 | ||||
| 26/01/2024 | 659 SHE;3 | 41563 | 399.20 | 26/01/2024 | Books | Central Library | Central Library | Central Library | Central Library | 23/05/2006 | Allied publ. | 499.00 | MBA | 968 | 18/01/2006 | RS | 1 | 99.8 | 20 |
